000 00467nam a22001577a 4500
005 20170508153137.0
008 170508b xxu||||| |||| 00| 0 eng d
040 _cPK-LaUMT
082 _aZIAC 297.01
_bANW-Z
100 _aانور خالد الزعبی
245 _aظاریۃ ابن حزم الاندلسی/
_cانور خالد الزعبی
260 _aبیروت:
_bالمعھد العالمی،
_c1996
300 _a162 ص
546 _aعربی
942 _cBK
999 _c93274
_d93274